000 01037nam a22003137a 4500
001 7760
003 FISKH
005 20251210150603.0
008 250805b cb ||||| |||| 00| 0 eng d
020 _a9780590451574
040 _aFISKH
_beng
_cFISKH
_dFISKH
050 _aQE535.S37
082 _a979.461051
100 _aLevine, Ellen
245 _aIf you lived at the Time of the great San Francisco earthquake /
_cBy Ellen Levine : Illustrated by Pat Grant Porter
250 _aFirst Scholastic printing, July 1992
260 _aNew York :
_bScholastic,
_c1992.
300 _a64 pages :
_bcolor illustrations ;
_c19 X 23 cm .
490 _aIf you ....
505 _aR
520 _aAnswers many questions about what happened when a big earthquake hit the city of San Francisco in 1906.
521 8 _a760
_bLexile
521 8 _aR
_bRaz-Plus
650 _aEarthquakes
_vNon-fiction
650 _aNatural disasters
_vNon-fiction
700 _aPorter, Pat Grant
942 _2ddc
_cBK
_n0
999 _c7760
_d7760